Statistics for 2018 Formula One Drivers

Click here to take the quiz!

General Stats

  • This quiz has been taken 1,237 times
  • The average score is 18 of 20

Answer Stats

TeamCountryDriver% Correct
MercedesUnited KingdomLewis Hamilton
100%
Red BullNetherlandsMax Verstappen
99%
FerrariGermanySebastian Vettel
99%
MercedesFinlandValtteri Bottas
99%
Force IndiaMexicoSergio Pérez
97%
Red BullAustraliaDaniel Ricciardo
96%
McLarenSpainFernando Alonso
96%
SauberMonacoCharles Leclerc
94%
RenaultSpainCarlos Sainz Jr.
93%
FerrariFinlandKimi Räikkönen
93%
Force IndiaFranceEsteban Ocon
92%
WilliamsCanadaLance Stroll
92%
Toro RossoFrancePierre Gasly
92%
HaasDenmarkKevin Magnussen
91%
HaasFranceRomain Grosjean
90%
RenaultGermanyNico Hülkenberg
89%
SauberSwedenMarcus Ericsson
72%
McLarenBelgiumStoffel Vandoorne
72%
Toro RossoNew ZealandBrendon Hartley
67%
WilliamsRussiaSergey Sirotkin
59%

Score Distribution

Percentile by Number Answered

Percent of People with Each Score

Your Score History

You have not taken this quiz